000 00605nam a2200181Ia 4500
003 GCL
008 140319s9999 xx 000 0 ara d
040 _aGCL /
_cGCL
082 0 4 _a301.242
_bم ف
100 1 _aمارون عيسى الخورى
245 1 0 _aفى اليقظة العربية: الخطاب السوسيو سياسى عند فرح انطون /
_cمارون عيسى الخورى
260 _a[S.N] :
_bجروس برس ،
_c1994
300 _a184 ص
490 _a
650 0 4 _aالاصلاح الاجتماعى
650 0 4 _aالمصلحون الاجتماعيون
942 _2ddc
_cBK
999 _c54670
_d54670